Medios auxiliares del método didáctico geográfico. (Record no. 47407)
[ view plain ]
| 000 -LEADER | |
|---|---|
| campo de control de longitud fija | 00694nam a2200181 i 4500 |
| 001 - NÚMERO DE CONTROL | |
| campo de control | 47407 |
| 003 - IDENTIFICADOR DE NÚMERO DE CONTROL | |
| campo de control | ES-MaACL |
| 005 - FECHA Y HORA DE LA ÚLTIMA TRANSACCIÓN | |
| campo de control | 20230906161545.0 |
| 007 - CAMPO FIJO DE DESCRIPCIÓN FÍSICA--INFORMACIÓN GENERAL | |
| campo de control de longitud fija | t| |
| 008 - DATOS DE LONGITUD FIJA--INFORMACIÓN GENERAL | |
| campo de control de longitud fija | 030407s1964 sp ||||1| spa d |
| 100 1# - ENTRADA PRINCIPAL--NOMBRE DE PERSONA | |
| Nombre de persona | Corchón García, Justo. |
| 9 (RLIN) | 40485 |
| 245 10 - MENCIÓN DEL TÍTULO | |
| Título | Medios auxiliares del método didáctico geográfico. |
| Número de parte o sección de la obra | IV, |
| Nombre de parte o sección de la obra | Medios de visualización geográfica / |
| Mención de responsabilidad, etc. | Justo Corchón García. |
| 260 ## - PUBLICACIÓN, DISTRIBUCIÓN, ETC. | |
| Lugar de publicación, distribución, etc. | [Madrid : |
| Nombre del editor, distribuidor, etc. | s.n., |
| Fecha de publicación, distribución, etc. | 1964] |
| 300 ## - DESCRIPCIÓN FÍSICA | |
| Extensión | 7 h. ; |
| Dimensiones | 26 cm. |
| 500 ## - NOTA GENERAL | |
| Nota general | Es separata de: Boletín Pedagógico. Nº 47 de la Institución de Formación del Profesorado de Enseñanza Media. P. 31-43. |
| 650 #4 - PUNTO DE ACCESO ADICIONAL DE MATERIA--TÉRMINO DE MATERIA | |
| Término de materia o nombre geográfico como elemento de entrada | Geografía- |
| Subdivisión general | Metodología. |
| 9 (RLIN) | 164393 |
| 852 ## - LOCALIZACIÓN | |
| Ubicación | ES-MaACL |
| Número de control de estantería | 2057-F-28 |
| Sublocalización o colección | R.63479 |
| Estatus retirado | Estado de pérdida | Estado de daño | No para préstamo | Colección | Biblioteca de origen | Biblioteca actual | Ubicación en estantería | Fecha de adquisición | Fuente de adquisición | Total de préstamos | Signatura topográfica completa | Código de barras | Visto por última vez | Precio de reemplazo | Tipo de ítem Koha |
|---|---|---|---|---|---|---|---|---|---|---|---|---|---|---|---|
| Colección de folletos | Biblioteca del Ateneo de Madrid | Biblioteca del Ateneo de Madrid | Depósito folletos | 17/01/2008 | 2057-F-28 | 1049872 | 23/02/2023 | 23/02/2023 | Folleto |
